[Event "EYCC 2024 - O08"]
[Site "?"]
[Date "2024.08.24"]
[Round "3.1"]
[White "Veladzic, Isak"]
[Black "Le Doan, Minh Thuc"]
[Result "1-0"]
[BlackElo "1644"]
[WhiteElo "1788"]
[LiveChessVersion "1.4.8"]

1. d4 {[%clk 1:30:51]} d5 {[%clk 1:30:56]} 2. c4 {[%clk 1:31:03]} c6
{[%clk 1:31:22]} 3. cxd5 {[%clk 1:30:43]} cxd5 {[%clk 1:31:36]} 4. Nc3
{[%clk 1:30:30]} Nf6 {[%clk 1:28:35]} 5. Bf4 {[%clk 1:28:49]} Nc6
{[%clk 1:27:18]} 6. Nf3 {[%clk 1:26:50]} Bf5 {[%clk 1:25:11]} 7. e3
{[%clk 1:24:41]} Qb6 {[%clk 1:16:32]} 8. Qe2 {[%clk 1:02:53]} Nb4
{[%clk 1:12:22]} 9. Qb5+ {[%clk 1:00:07]} Bd7 {[%clk 1:07:14]} 10. Qxb6
{[%clk 0:58:13]} axb6 {[%clk 1:07:36]} 11. Kd1 {[%clk 0:56:45]} e6
{[%clk 1:05:46]} 12. a3 {[%clk 0:55:31]} Ne4 {[%clk 0:58:18]} 13. Nxe4
{[%clk 0:50:59]} dxe4 {[%clk 0:58:37]} 14. Nd2 {[%clk 0:49:28]} f5
{[%clk 0:56:35]} 15. Nc4 {[%clk 0:48:04]} Nd5 {[%clk 0:53:28]} 16. Bg3
{[%clk 0:44:46]} Ba4+ {[%clk 0:50:47]} 17. Kd2 {[%clk 0:41:30]} Bb3
{[%clk 0:48:10]} 18. Ne5 {[%clk 0:38:48]} Bd6 {[%clk 0:38:44]} 19. Bb5+
{[%clk 0:38:13]} Ke7 {[%clk 0:38:37]} 20. Bh4+ {[%clk 0:37:49]} Nf6
{[%clk 0:38:32]} 21. Nd7 {[%clk 0:36:35]} Ra5 {[%clk 0:37:26]} 22. a4
{[%clk 0:34:30]} Rc8 {[%clk 0:32:37]} 23. Rhc1 {[%clk 0:33:10]} Bb4+
{[%clk 0:32:40]} 24. Ke2 {[%clk 0:33:00]} Rxc1 {[%clk 0:32:08]} 25. Rxc1
{[%clk 0:33:23]} Bxa4 {[%clk 0:31:15]} 26. Bxa4 {[%clk 0:33:45]} Rxa4
{[%clk 0:31:37]} 27. Nxb6 {[%clk 0:33:48]} Ra2 {[%clk 0:31:26]} 28. Rc7+
{[%clk 0:33:22]} Kd8 {[%clk 0:31:22]} 29. Rxg7 {[%clk 0:32:41]} Rxb2+
{[%clk 0:31:43]} 30. Kd1 {[%clk 0:32:09]} Be7 {[%clk 0:32:03]} 31. Nc4
{[%clk 0:30:55]} Rb4 {[%clk 0:31:29]} 32. Ne5 {[%clk 0:30:30]} h6
{[%clk 0:31:42]} 33. Ng6 {[%clk 0:29:06]} Nd5 {[%clk 0:29:58]} 34. Bxe7+
{[%clk 0:29:09]} Nxe7 {[%clk 0:30:17]} 35. Rxe7 {[%clk 0:29:19]} Rb2
{[%clk 0:29:44]} 36. Rxe6 {[%clk 0:29:08]} Rxf2 {[%clk 0:30:00]} 37. Nf4
{[%clk 0:29:29]} h5 {[%clk 0:29:53]} 38. Re5 {[%clk 0:29:29]} Kc7
{[%clk 0:29:23]} 39. Rxf5 {[%clk 0:29:39]} Kc6 {[%clk 0:29:33]} 40. d5+
{[%clk 0:29:27]} Kd6 {[%clk 0:29:19]} 41. Rf6+ {[%clk 0:29:47]} Kd7
{[%clk 0:28:28]} 42. Rf7+ {[%clk 0:30:06]} Kc8 {[%clk 0:28:41]} 43. d6 1-0

[Event "EYCC 2024 - O08"]
[Site "?"]
[Date "2024.08.24"]
[Round "3.2"]
[White "Ok, Miro"]
[Black "Demchenko, Timofei"]
[Result "0-1"]
[BlackElo "1769"]
[WhiteElo "1609"]
[LiveChessVersion "1.4.8"]

1. e4 {[%clk 1:30:58]} e6 {[%clk 1:30:56]} 2. d4 {[%clk 1:31:17]} d5
{[%clk 1:31:23]} 3. Bd3 {[%clk 1:31:42]} c5 {[%clk 1:30:56]} 4. exd5
{[%clk 1:31:40]} exd5 {[%clk 1:31:17]} 5. dxc5 {[%clk 1:32:02]} Bxc5
{[%clk 1:30:38]} 6. Nf3 {[%clk 1:31:26]} h6 {[%clk 1:29:07]} 7. O-O
{[%clk 1:30:15]} Nf6 {[%clk 1:27:33]} 8. Re1+ {[%clk 1:30:06]} Be6
{[%clk 1:27:49]} 9. h3 {[%clk 1:29:32]} O-O 10. c3 Nc6 {[%clk 1:20:37]} 11. b4
{[%clk 1:25:27]} Bb6 12. a4 {[%clk 1:23:57]} a6 {[%clk 1:17:48]} 13. Be3
{[%clk 1:23:07]} Re8 {[%clk 1:09:58]} 14. a5 {[%clk 1:21:01]} Bxe3
{[%clk 1:08:18]} 15. Rxe3 {[%clk 1:20:25]} Qd6 {[%clk 1:02:19]} 16. Bc2
{[%clk 1:15:32]} Rad8 {[%clk 0:59:39]} 17. Nd4 {[%clk 1:14:36]} Bd7
{[%clk 0:53:13]} 18. Nxc6 {[%clk 1:13:30]} Bxc6 {[%clk 0:52:45]} 19. Rxe8+
{[%clk 1:13:16]} Rxe8 {[%clk 0:47:01]} 20. Na3 {[%clk 1:13:32]} Qe5 21. Rc1
{[%clk 1:02:22]} Qg5 {[%clk 0:45:51]} 22. Bd3 {[%clk 1:00:15]} d4
{[%clk 0:43:28]} 23. Bf1 {[%clk 1:00:31]} d3 {[%clk 0:42:03]} 24. Rb1
{[%clk 0:59:58]} d2 {[%clk 0:40:34]} 25. Rb2 {[%clk 0:58:02]} Re1
{[%clk 0:40:50]} 26. Qxd2 {[%clk 0:58:22]} Qxg2# {[%clk 0:41:14]} 0-1

[Event "EYCC 2024 - O08"]
[Site "?"]
[Date "2024.08.24"]
[Round "3.3"]
[White "Li, Sixing"]
[Black "Predarski, Stefan"]
[Result "1/2-1/2"]
[BlackElo "1734"]
[WhiteElo "1607"]
[LiveChessVersion "1.4.8"]

1. e4 {[%clk 1:30:59]} c6 {[%clk 1:30:51]} 2. d4 {[%clk 1:31:20]} d5
{[%clk 1:31:11]} 3. exd5 {[%clk 1:31:41]} cxd5 {[%clk 1:31:27]} 4. c4
{[%clk 1:32:03]} Nf6 {[%clk 1:31:04]} 5. Nc3 {[%clk 1:31:04]} Nc6
{[%clk 1:30:06]} 6. Bf4 {[%clk 1:29:06]} Bg4 {[%clk 1:29:31]} 7. Nf3
{[%clk 1:28:38]} e6 {[%clk 1:28:32]} 8. a3 {[%clk 1:26:50]} Be7 {[%clk 1:25:03]}
9. cxd5 {[%clk 1:25:32]} Nxd5 {[%clk 1:24:36]} 10. Nxd5 {[%clk 1:22:54]} Qxd5
{[%clk 1:24:27]} 11. Be2 {[%clk 1:23:04]} O-O {[%clk 1:23:05]} 12. O-O
{[%clk 1:22:22]} Bf6 13. Be3 {[%clk 1:18:42]} Rac8 {[%clk 1:16:20]} 14. h3
{[%clk 1:17:44]} Bh5 {[%clk 1:13:46]} 15. Rc1 {[%clk 1:14:02]} Rfd8
{[%clk 1:10:36]} 16. Re1 {[%clk 1:10:08]} Bxf3 {[%clk 1:07:36]} 17. Bxf3
{[%clk 1:09:44]} Qd7 {[%clk 1:07:41]} 18. d5 {[%clk 1:08:51]} Ne5
{[%clk 0:55:23]} 19. Be2 {[%clk 1:07:37]} Rxc1 {[%clk 0:54:39]} 20. Qxc1
{[%clk 1:06:51]} Rc8 {[%clk 0:52:50]} 21. Qd1 {[%clk 1:06:32]} exd5 22. Bxa7 Qc6
{[%clk 0:51:22]} 23. Bd4 {[%clk 1:05:37]} g6 {[%clk 0:48:58]} 24. Bxe5
{[%clk 1:00:16]} Bxe5 {[%clk 0:49:17]} 25. Bf3 {[%clk 1:00:38]} Bxb2
{[%clk 0:46:48]} 26. Bxd5 {[%clk 1:00:27]} Qc1 {[%clk 0:42:31]} 27. Bxf7+ Kh8 28.
Qxc1 {[%clk 0:58:42]} Rxc1 {[%clk 0:42:28]} 29. Rxc1 {[%clk 0:59:05]} Bxc1
{[%clk 0:42:50]} 30. Bd5 Bxa3 {[%clk 0:42:35]} 31. Bxb7 {[%clk 0:59:51]} Bc5
{[%clk 0:42:30]} 32. g4 {[%clk 0:59:55]} g5 {[%clk 0:42:42]} 33. Kg2
{[%clk 0:59:56]} Kg7 {[%clk 0:42:38]} 34. f3 {[%clk 0:59:37]} h6 {[%clk 0:42:31]}
35. Kf1 {[%clk 0:59:24]} Kf6 {[%clk 0:42:52]} 36. Ke2 {[%clk 0:59:19]} Ke5
{[%clk 0:43:07]} 37. Kd3 {[%clk 0:58:37]} Kf4 {[%clk 0:43:16]} 38. Kc4
{[%clk 0:58:31]} Bg1 {[%clk 0:43:25]} 39. Kd5 {[%clk 0:58:49]} Kxf3
{[%clk 0:43:11]} 40. Ke5+ {[%clk 0:59:03]} Kg3 {[%clk 0:43:36]} 41. Bc8
{[%clk 0:58:57]} Kxh3 {[%clk 0:43:26]} 42. Kf6 {[%clk 0:59:15]} Kh4
{[%clk 0:43:43]} 43. Kg6 {[%clk 0:59:18]} Be3 1/2-1/2

[Event "EYCC 2024 - O08"]
[Site "?"]
[Date "2024.08.24"]
[Round "3.4"]
[White "Hu, Junyan"]
[Black "Khuduzade, Azad"]
[Result "1-0"]
[BlackElo "1586"]
[WhiteElo "1720"]
[LiveChessVersion "1.4.8"]

1. e4 c5 2. Nf3 a6 3. c4 Nc6 4. d4 cxd4 5. Nxd4 Nf6 6. Nc3 e5 7. Nf5 d5 8. cxd5
Bxf5 9. exf5 Nd4 10. Bd3 Bb4 11. Qa4+ b5 12. Qxb4 Nxd5 13. Nxd5 Qxd5 14. O-O a5
15. Qe1 O-O 16. Qe4 Qd6 17. Be3 Nc6 18. Bxb5 Ne7 19. Rfd1 Qf6 20. Bc5 Nxf5 21.
Bxf8 Rxf8 22. Rd5 g6 23. Qxe5 Qg5 24. Bf1 Qg4 25. Rxa5 Nh4 26. Qg3 Qb4 27. Rb5
Qd4 28. a3 Rc8 29. Rb4 Nf3+ 30. Qxf3 Qd6 31. Rd1 Qf8 32. Qb7 Re8 33. Bc4 Qg7 1-0

[Event "EYCC 2024 - O08"]
[Site "?"]
[Date "2024.08.24"]
[Round "3.5"]
[White "Bartzos, Iasonas"]
[Black "Petrenko, Tymofii"]
[Result "1-0"]
[BlackElo "1696"]
[WhiteElo "1583"]
[LiveChessVersion "1.4.8"]

1. e4 {[%clk 1:30:53]} e6 {[%clk 1:30:52]} 2. d4 {[%clk 1:31:10]} d5
{[%clk 1:31:15]} 3. Nd2 {[%clk 1:31:29]} Nf6 {[%clk 1:31:39]} 4. e5
{[%clk 1:31:48]} Nfd7 {[%clk 1:32:03]} 5. Bd3 {[%clk 1:31:57]} c5
{[%clk 1:32:22]} 6. c3 {[%clk 1:32:18]} Nc6 {[%clk 1:32:46]} 7. Ne2
{[%clk 1:32:28]} cxd4 {[%clk 1:33:05]} 8. cxd4 {[%clk 1:32:33]} f6
{[%clk 1:33:24]} 9. exf6 {[%clk 1:32:39]} Nxf6 {[%clk 1:33:46]} 10. Nf3
{[%clk 1:32:07]} Bd6 {[%clk 1:32:34]} 11. O-O {[%clk 1:31:39]} Qc7
{[%clk 1:31:08]} 12. a3 {[%clk 1:14:58]} O-O {[%clk 1:27:19]} 13. Qc2 g6
{[%clk 1:26:57]} 14. Bh6 {[%clk 1:04:08]} b6 {[%clk 1:24:11]} 15. Bxf8
{[%clk 1:02:13]} Kxf8 {[%clk 1:23:49]} 16. Rac1 {[%clk 0:56:34]} Bd7
{[%clk 1:23:49]} 17. Qd2 {[%clk 0:54:40]} Kg7 {[%clk 1:23:08]} 18. Qc2
{[%clk 0:36:12]} Qb7 {[%clk 1:21:41]} 19. Rfe1 {[%clk 0:31:58]} Rc8
{[%clk 1:21:05]} 20. Qd2 {[%clk 0:31:56]} Rf8 {[%clk 1:20:10]} 21. h3
{[%clk 0:30:32]} Na5 {[%clk 1:20:10]} 22. Rc3 {[%clk 0:30:11]} Nc6
{[%clk 1:17:05]} 23. Qc2 {[%clk 0:28:57]} Ne7 {[%clk 1:16:31]} 24. Rc1
{[%clk 0:28:20]} Ne4 {[%clk 1:14:00]} 25. Bxe4 {[%clk 0:26:28]} dxe4
{[%clk 1:14:27]} 26. Ng5 {[%clk 0:25:30]} Qd5 {[%clk 1:10:58]} 27. Nxe4
{[%clk 0:25:35]} Bb8 {[%clk 1:09:43]} 28. Nd2 {[%clk 0:22:49]} Bb5
{[%clk 1:08:57]} 29. Nc4 {[%clk 0:21:36]} Bc6 {[%clk 1:07:57]} 30. Ne3
{[%clk 0:21:44]} Qd6 {[%clk 1:07:54]} 31. Nf1 {[%clk 0:18:41]} Bb7
{[%clk 1:07:23]} 32. Qd2 {[%clk 0:11:09]} Qd5 {[%clk 1:06:44]} 33. Ne3
{[%clk 0:11:08]} Qg5 {[%clk 1:06:45]} 34. Rd1 {[%clk 0:10:08]} Nd5
{[%clk 1:06:14]} 35. Nxd5 {[%clk 0:10:06]} Qxd5 {[%clk 1:06:37]} 36. f3
{[%clk 0:09:19]} Qd6 {[%clk 1:06:44]} 37. f4 {[%clk 0:08:42]} Rf5
{[%clk 1:06:00]} 38. Rdc1 {[%clk 0:08:43]} Qd5 {[%clk 1:05:05]} 39. Rf3
{[%clk 0:08:30]} Rh5 {[%clk 1:04:55]} 40. Nc3 {[%clk 0:08:22]} Qd6
{[%clk 1:04:28]} 41. Rf2 {[%clk 0:08:25]} Rf5 {[%clk 1:04:03]} 42. Re1
{[%clk 0:08:24]} Qc6 {[%clk 1:03:33]} 43. Qe3 {[%clk 0:07:43]} Kh6
{[%clk 0:55:52]} 44. Qxe6 {[%clk 0:07:35]} Qc7 {[%clk 0:55:35]} 45. Re5
{[%clk 0:06:56]} Rf8 {[%clk 0:48:51]} 46. Qg4 {[%clk 0:06:43]} Qd8
{[%clk 0:48:54]} 47. Qg5+ {[%clk 0:06:15]} Kg7 {[%clk 0:48:39]} 48. Qxd8
{[%clk 0:06:12]} Rxd8 {[%clk 0:47:21]} 49. Re7+ {[%clk 0:06:27]} Kf6
{[%clk 0:47:28]} 50. Rxb7 {[%clk 0:06:37]} g5 {[%clk 0:47:40]} 51. Ne4+
{[%clk 0:06:02]} Kf5 {[%clk 0:47:53]} 52. Nxg5 {[%clk 0:05:54]} Rxd4
{[%clk 0:47:55]} 53. Rxb8 {[%clk 0:06:08]} a5 {[%clk 0:47:44]} 54. Rxb6
{[%clk 0:06:28]} h5 {[%clk 0:47:41]} 55. g4+ {[%clk 0:05:43]} hxg4
{[%clk 0:48:00]} 56. hxg4+ {[%clk 0:05:39]} Kxg4 {[%clk 0:48:23]} 57. f5
{[%clk 0:05:51]} a4 {[%clk 0:48:32]} 58. f6 {[%clk 0:06:05]} Kg3 {[%clk 0:48:51]}
59. Rf3+ {[%clk 0:05:22]} Kg4 {[%clk 0:49:02]} 60. Rb4 {[%clk 0:05:17]} Rxb4
{[%clk 0:49:03]} 61. axb4 {[%clk 0:05:25]} a3 {[%clk 0:49:15]} 62. bxa3
{[%clk 0:03:41]} Kh4 {[%clk 0:49:37]} 63. f7 {[%clk 0:03:49]} Kg4
{[%clk 0:49:41]} 64. f8=Q {[%clk 0:03:59]} Kh4 {[%clk 0:50:00]} 65. Qh8+
{[%clk 0:03:55]} Kg4 {[%clk 0:50:12]} 66. Qh3+ {[%clk 0:04:11]} Kxg5
{[%clk 0:50:31]} 67. Rf5+ {[%clk 0:04:27]} Kg6 {[%clk 0:50:53]} 68. Qg4+
{[%clk 0:04:40]} Kh7 {[%clk 0:51:09]} 69. Rh5# {[%clk 0:04:51]} 1-0

[Event "EYCC 2024 - O08"]
[Site "?"]
[Date "2024.08.24"]
[Round "3.6"]
[White "Huzela, Lukyan"]
[Black "Aker, Meric Zeynel"]
[Result "1/2-1/2"]
[BlackElo "1676"]
[WhiteElo "1577"]
[LiveChessVersion "1.4.8"]

1. e4 {[%clk 1:30:59]} e5 {[%clk 1:30:53]} 2. d4 {[%clk 1:31:21]} exd4
{[%clk 1:31:18]} 3. Nf3 {[%clk 1:31:45]} Nc6 {[%clk 1:31:32]} 4. Bc4
{[%clk 1:32:05]} Nf6 {[%clk 1:30:29]} 5. Ng5 {[%clk 1:32:24]} Ne5
{[%clk 1:28:47]} 6. Qxd4 {[%clk 1:26:07]} Nxc4 {[%clk 1:28:49]} 7. Qxc4
{[%clk 1:26:15]} d5 {[%clk 1:27:34]} 8. exd5 {[%clk 1:22:54]} Qxd5
{[%clk 1:26:11]} 9. Qe2+ {[%clk 1:22:20]} Be7 {[%clk 1:24:09]} 10. O-O
{[%clk 1:21:54]} h6 {[%clk 1:16:46]} 11. Nc3 {[%clk 1:17:34]} Qd8
{[%clk 1:14:31]} 12. Nge4 {[%clk 1:12:17]} O-O {[%clk 1:13:58]} 13. f3
{[%clk 1:12:24]} Be6 {[%clk 1:09:17]} 14. Be3 {[%clk 1:10:00]} b6
{[%clk 1:06:37]} 15. Rad1 {[%clk 1:07:47]} Qc8 {[%clk 1:05:50]} 16. a3
{[%clk 1:05:37]} Qb7 {[%clk 1:01:05]} 17. b4 {[%clk 1:00:56]} Rfd8
{[%clk 0:57:21]} 18. Bf2 {[%clk 0:50:56]} a5 {[%clk 0:50:31]} 19. Nxf6+
{[%clk 0:47:34]} Bxf6 {[%clk 0:49:46]} 20. Ne4 {[%clk 0:46:50]} Be7
{[%clk 0:49:33]} 21. c3 {[%clk 0:46:46]} axb4 {[%clk 0:47:41]} 22. axb4
{[%clk 0:46:24]} Rxd1 {[%clk 0:45:48]} 23. Rxd1 {[%clk 0:45:39]} Ra2
{[%clk 0:43:15]} 24. Qb5 {[%clk 0:45:18]} Qa8 {[%clk 0:38:47]} 25. Qd3
{[%clk 0:28:38]} Bb3 {[%clk 0:36:12]} 26. Re1 {[%clk 0:28:27]} Ra1
{[%clk 0:33:07]} 27. Qf1 {[%clk 0:28:05]} Rxe1 {[%clk 0:33:04]} 28. Qxe1
{[%clk 0:28:24]} Bd5 {[%clk 0:28:18]} 29. Nd2 {[%clk 0:25:31]} Bf6
{[%clk 0:28:31]} 30. c4 {[%clk 0:24:49]} Be6 {[%clk 0:28:37]} 31. b5
{[%clk 0:20:35]} Bc3 {[%clk 0:28:31]} 32. c5 {[%clk 0:07:52]} Qa5
{[%clk 0:27:46]} 33. Be3 {[%clk 0:06:21]} bxc5 {[%clk 0:26:40]} 34. Qe2
{[%clk 0:06:01]} Qa1+ {[%clk 0:24:40]} 35. Kf2 {[%clk 0:06:14]} Bd4
{[%clk 0:24:22]} 36. Ne4 {[%clk 0:06:24]} Bxe3+ {[%clk 0:23:39]} 37. Qxe3
{[%clk 0:06:05]} Qb2+ {[%clk 0:24:02]} 38. Kg3 {[%clk 0:06:00]} Qxb5
{[%clk 0:24:02]} 39. Nxc5 {[%clk 0:06:17]} Qb6 {[%clk 0:23:18]} 40. Qd4
{[%clk 0:06:30]} Qd6+ {[%clk 0:23:37]} 41. Qxd6 {[%clk 0:06:49]} cxd6
{[%clk 0:23:59]} 42. Ne4 {[%clk 0:07:06]} d5 {[%clk 0:24:16]} 43. Nc5
{[%clk 0:07:27]} Kf8 {[%clk 0:24:12]} 44. Kf4 {[%clk 0:07:46]} Ke7
{[%clk 0:24:17]} 45. Ke5 {[%clk 0:08:13]} f6+ {[%clk 0:23:17]} 46. Kd4
{[%clk 0:08:37]} Kd6 {[%clk 0:23:33]} 47. Nb7+ {[%clk 0:08:48]} Kc6
{[%clk 0:23:18]} 48. Na5+ {[%clk 0:08:48]} 1/2-1/2

[Event "EYCC 2024 - O08"]
[Site "?"]
[Date "2024.08.24"]
[Round "3.9"]
[White "Protopopescu, Luca"]
[Black "Kapelinsky, Amos"]
[Result "1-0"]
[BlackElo "1430"]
[WhiteElo "1849"]
[LiveChessVersion "1.4.8"]

1. e4 {[%clk 1:30:58]} c6 {[%clk 1:30:45]} 2. d4 {[%clk 1:31:21]} d5
{[%clk 1:31:06]} 3. Nc3 {[%clk 1:31:43]} dxe4 {[%clk 1:31:05]} 4. Nxe4
{[%clk 1:32:05]} Nf6 {[%clk 1:31:20]} 5. Ng3 {[%clk 1:32:28]} Nbd7
{[%clk 1:30:12]} 6. Nf3 {[%clk 1:32:39]} e6 {[%clk 1:30:08]} 7. Be3
{[%clk 1:32:36]} Bd6 {[%clk 1:29:59]} 8. Bd3 {[%clk 1:32:08]} Nb6
{[%clk 1:28:58]} 9. c4 {[%clk 1:32:21]} Bb4+ {[%clk 1:28:40]} 10. Bd2
{[%clk 1:32:42]} Bxd2+ {[%clk 1:28:43]} 11. Qxd2 {[%clk 1:33:03]} Bd7
{[%clk 1:26:11]} 12. O-O-O {[%clk 1:29:44]} Qc7 {[%clk 1:24:34]} 13. Qb4
{[%clk 1:29:13]} O-O-O {[%clk 1:21:09]} 14. Kb1 {[%clk 1:27:28]} h6
{[%clk 1:11:44]} 15. Ne5 {[%clk 1:25:37]} Be8 {[%clk 1:10:37]} 16. Be2
{[%clk 1:21:28]} Kb8 {[%clk 0:45:43]} 17. Bf3 {[%clk 1:19:59]} Rc8
{[%clk 0:36:15]} 18. b3 {[%clk 1:19:03]} Nfd7 {[%clk 0:34:19]} 19. Nd3
{[%clk 1:17:56]} c5 {[%clk 0:31:35]} 20. dxc5 {[%clk 1:18:16]} Nxc5
{[%clk 0:31:47]} 21. Nxc5 {[%clk 1:18:12]} Qxc5 {[%clk 0:31:59]} 22. Qc3
{[%clk 1:18:03]} f6 {[%clk 0:22:17]} 23. Rhe1 {[%clk 1:17:45]} Bg6+
{[%clk 0:20:59]} 24. Be4 {[%clk 1:17:24]} Bxe4+ {[%clk 0:18:56]} 25. Nxe4
{[%clk 1:17:46]} Qf5 {[%clk 0:18:20]} 26. Ka1 {[%clk 1:17:57]} Qh5
{[%clk 0:16:54]} 27. Nd6 {[%clk 1:17:52]} Rcd8 {[%clk 0:14:02]} 28. Qg3
{[%clk 1:17:55]} Qg5 {[%clk 0:10:56]} 29. Rxe6 {[%clk 1:17:56]} Qxg3
{[%clk 0:10:29]} 30. hxg3 {[%clk 1:18:16]} Nc8 {[%clk 0:10:36]} 31. Kb2
{[%clk 1:17:55]} Nxd6 {[%clk 0:10:13]} 32. Rdxd6 {[%clk 1:17:51]} Rxd6
{[%clk 0:09:28]} 33. Rxd6 {[%clk 1:18:15]} Re8 {[%clk 0:09:41]} 34. Rd2
{[%clk 1:18:06]} Kc7 {[%clk 0:10:00]} 35. Kc2 {[%clk 1:18:10]} Kc6
{[%clk 0:10:23]} 36. Kd1 {[%clk 1:18:16]} Re5 {[%clk 0:09:55]} 37. Re2
{[%clk 1:18:31]} Kc5 {[%clk 0:09:25]} 38. Rxe5+ {[%clk 1:18:02]} fxe5
{[%clk 0:09:45]} 39. f4 {[%clk 1:15:44]} exf4 {[%clk 0:09:32]} 40. gxf4
{[%clk 1:16:07]} Kb4 {[%clk 0:09:01]} 41. Kc2 {[%clk 1:15:59]} Ka3
{[%clk 0:09:18]} 42. Kb1 {[%clk 1:16:22]} h5 {[%clk 0:09:23]} 43. f5
{[%clk 1:16:38]} b6 {[%clk 0:09:39]} 44. Kc2 {[%clk 1:16:47]} a6 {[%clk 0:09:31]}
45. Kb1 {[%clk 1:15:42]} h4 {[%clk 0:09:46]} 46. Kc2 {[%clk 1:15:52]} a5
{[%clk 0:09:36]} 47. Kb1 {[%clk 1:13:36]} a4 {[%clk 0:09:27]} 48. Kc2
{[%clk 1:13:45]} Kb4 {[%clk 0:08:11]} 49. Kb2 {[%clk 1:14:00]} Kc5
{[%clk 0:06:18]} 50. Kc3 {[%clk 1:14:23]} a3 {[%clk 0:05:49]} 51. b4+
{[%clk 1:14:40]} Kd6 {[%clk 0:06:08]} 52. Kd4 {[%clk 1:14:53]} Kc6
{[%clk 0:05:36]} 53. Ke5 {[%clk 1:15:14]} Kd7 {[%clk 0:05:26]} 54. c5
{[%clk 1:15:20]} bxc5 {[%clk 0:04:41]} 55. bxc5 {[%clk 1:15:43]} Kc6
{[%clk 0:04:14]} 56. Ke6 {[%clk 1:16:00]} Kxc5 {[%clk 0:04:30]} 57. Kf7
{[%clk 1:16:24]} Kd4 {[%clk 0:04:32]} 58. Kxg7 {[%clk 1:16:47]} Kc3
{[%clk 0:04:43]} 59. f6 {[%clk 1:17:11]} Kb2 {[%clk 0:05:02]} 60. f7
{[%clk 1:17:35]} Kxa2 {[%clk 0:05:18]} 61. f8=Q {[%clk 1:16:53]} Kb2
{[%clk 0:05:36]} 62. Qf6+ {[%clk 1:17:14]} Kb1 {[%clk 0:05:43]} 63. Qxh4
{[%clk 1:17:38]} a2 {[%clk 0:05:58]} 64. Qa4 {[%clk 1:17:58]} 1-0

[Event "EYCC 2024 - O08"]
[Site "?"]
[Date "2024.08.24"]
[Round "3.10"]
[White "Arsenijevic, Matija"]
[Black "Zidek, Damian"]
[Result "1/2-1/2"]
[BlackElo "1582"]
[WhiteElo "1760"]
[LiveChessVersion "1.4.8"]

1. d4 {[%clk 1:30:58]} e6 {[%clk 1:30:52]} 2. c4 {[%clk 1:31:23]} Nf6
{[%clk 1:31:16]} 3. Nc3 {[%clk 1:31:45]} Bb4 {[%clk 1:31:37]} 4. Bd2
{[%clk 1:31:52]} Bxc3 {[%clk 1:31:57]} 5. Bxc3 {[%clk 1:32:13]} Ne4
{[%clk 1:32:11]} 6. Qc2 {[%clk 1:31:59]} Nxc3 7. Qxc3 {[%clk 1:32:26]} O-O
{[%clk 1:32:22]} 8. e3 {[%clk 1:32:38]} b6 {[%clk 1:32:36]} 9. Nf3
{[%clk 1:32:23]} Bb7 {[%clk 1:32:47]} 10. Be2 {[%clk 1:32:03]} Qf6
{[%clk 1:32:28]} 11. O-O {[%clk 1:30:44]} c5 {[%clk 1:32:42]} 12. Rfd1
{[%clk 1:29:57]} d6 {[%clk 1:32:28]} 13. Rac1 {[%clk 1:28:56]} Nc6
{[%clk 1:31:39]} 14. d5 {[%clk 1:27:00]} Qxc3 {[%clk 1:31:18]} 15. Rxc3
{[%clk 1:26:54]} exd5 {[%clk 1:31:09]} 16. Rxd5 {[%clk 1:25:09]} Rfd8
{[%clk 1:30:32]} 17. a3 {[%clk 1:23:42]} Ne5 {[%clk 1:30:13]} 18. Rd1
{[%clk 1:23:04]} Nxf3+ {[%clk 1:30:15]} 19. Bxf3 {[%clk 1:23:10]} Bxf3
{[%clk 1:30:22]} 20. gxf3 {[%clk 1:23:10]} Rd7 {[%clk 1:30:43]} 21. Rcd3
{[%clk 1:22:38]} Rad8 {[%clk 1:30:58]} 22. e4 {[%clk 1:22:28]} f6
{[%clk 1:30:44]} 23. f4 {[%clk 1:22:09]} Kf7 {[%clk 1:31:03]} 24. Kg2
{[%clk 1:20:15]} Ke7 {[%clk 1:30:45]} 25. Rd5 {[%clk 1:19:07]} Rb7
{[%clk 1:30:30]} 26. a4 {[%clk 1:18:43]} a6 {[%clk 1:30:37]} 27. Kg3
{[%clk 1:17:13]} b5 {[%clk 1:30:28]} 28. cxb5 {[%clk 1:16:56]} axb5
{[%clk 1:30:35]} 29. axb5 {[%clk 1:15:35]} Rxb5 {[%clk 1:30:47]} 30. R1d2
{[%clk 1:14:24]} Rb4 {[%clk 1:30:09]} 31. f3 {[%clk 1:12:41]} Rb6
{[%clk 1:29:43]} 32. Kf2 {[%clk 1:09:53]} Ra8 {[%clk 1:29:58]} 33. e5
{[%clk 1:09:31]} dxe5 {[%clk 1:27:32]} 34. fxe5 {[%clk 1:08:04]} Rab8
{[%clk 1:26:12]} 35. exf6+ {[%clk 1:06:49]} Kxf6 {[%clk 1:26:10]} 36. Rxc5
{[%clk 1:05:40]} Rxb2 {[%clk 1:26:12]} 37. Rxb2 {[%clk 1:05:10]} Rxb2+
{[%clk 1:26:18]} 38. Kg3 {[%clk 1:05:32]} g5 {[%clk 1:26:06]} 39. Rc6+
{[%clk 1:03:29]} Kg7 {[%clk 1:25:46]} 40. Rc7+ {[%clk 1:02:50]} Kg6 41. h3
{[%clk 1:02:34]} h5 {[%clk 1:25:52]} 42. Rc6+ {[%clk 1:02:40]} Kf5 1/2-1/2

[Event "EYCC 2024 - O08"]
[Site "?"]
[Date "2024.08.24"]
[Round "3.11"]
[White "Kucher, Artem"]
[Black "Szumiec, Jan"]
[Result "0-1"]
[BlackElo "1560"]
[WhiteElo "1670"]
[LiveChessVersion "1.4.8"]

1. e4 {[%clk 1:30:56]} c5 {[%clk 1:30:58]} 2. Ne2 {[%clk 1:31:19]} d6
{[%clk 1:30:46]} 3. g3 {[%clk 1:31:44]} g6 {[%clk 1:29:41]} 4. Bg2
{[%clk 1:31:08]} Bg7 {[%clk 1:29:57]} 5. O-O {[%clk 1:30:34]} e6 {[%clk 1:29:33]}
6. Nbc3 {[%clk 1:30:48]} Ne7 {[%clk 1:29:07]} 7. d3 {[%clk 1:29:46]} Nbc6
{[%clk 1:27:16]} 8. Be3 {[%clk 1:29:02]} b6 {[%clk 1:25:20]} 9. Qd2
{[%clk 1:24:33]} O-O {[%clk 1:21:35]} 10. d4 {[%clk 1:15:48]} cxd4
{[%clk 1:13:58]} 11. Nxd4 {[%clk 1:16:04]} Bb7 {[%clk 1:12:37]} 12. Ndb5
{[%clk 1:01:07]} Ba6 {[%clk 1:02:11]} 13. Rfd1 {[%clk 0:53:18]} Bxb5
{[%clk 0:59:26]} 14. Nxb5 {[%clk 0:53:28]} Bxb2 {[%clk 0:59:06]} 15. Rab1
{[%clk 0:53:40]} Bg7 {[%clk 0:59:01]} 16. Nxd6 {[%clk 0:51:40]} Nc8
{[%clk 0:51:46]} 17. e5 {[%clk 0:40:12]} N8e7 {[%clk 0:42:50]} 18. f4
{[%clk 0:36:39]} Qc7 {[%clk 0:35:03]} 19. Qc3 {[%clk 0:30:44]} Rad8
{[%clk 0:32:51]} 20. Qc4 {[%clk 0:28:53]} Rd7 {[%clk 0:28:08]} 21. Nb5
{[%clk 0:20:02]} Qc8 {[%clk 0:24:46]} 22. Rxd7 {[%clk 0:14:55]} Qxd7
{[%clk 0:25:04]} 23. Nd6 {[%clk 0:15:05]} Na5 {[%clk 0:22:43]} 24. Qd4
{[%clk 0:14:33]} Qc7 {[%clk 0:22:12]} 25. Be4 {[%clk 0:13:32]} Rd8
{[%clk 0:20:02]} 26. Rd1 {[%clk 0:10:08]} Nc8 {[%clk 0:14:38]} 27. Qb4
{[%clk 0:02:16]} Nc4 {[%clk 0:12:11]} 28. Bf2 {[%clk 0:00:34]} Nxe5
{[%clk 0:08:16]} 29. fxe5 {[%clk 0:00:43]} Bxe5 {[%clk 0:08:41]} 30. Rd3
{[%clk 0:00:36]} Bxd6 {[%clk 0:08:28]} 31. Qc3 {[%clk 0:00:57]} Qe7
{[%clk 0:07:17]} 32. Qd4 {[%clk 0:00:43]} Bc7 {[%clk 0:06:43]} 33. Qc3
{[%clk 0:01:00]} Nd6 {[%clk 0:06:24]} 34. Bf3 {[%clk 0:01:11]} Rc8
{[%clk 0:05:05]} 35. Qa3 {[%clk 0:01:19]} Qg5 {[%clk 0:04:47]} 36. Qxa7
{[%clk 0:01:19]} Qc1+ {[%clk 0:05:06]} 37. Rd1 {[%clk 0:01:37]} Qxc2
{[%clk 0:05:23]} 38. Bxb6 {[%clk 0:01:36]} Ne4 {[%clk 0:02:48]} 39. Bxc7
{[%clk 0:01:04]} Nd2 {[%clk 0:01:57]} 40. Rxd2 {[%clk 0:00:49]} Qxd2
{[%clk 0:02:06]} 41. Qc5 {[%clk 0:00:51]} Qd7 {[%clk 0:01:51]} 0-1